| 000 | 01355nam a22003737a 4500 | ||
|---|---|---|---|
| 003 | CHAP | ||
| 005 | 20220329141045.0 | ||
| 008 | 971013s1997 r 00010 d | ||
| 010 | _a61983 | ||
| 011 | _a62955 | ||
| 035 | _a67131 | ||
| 040 | _cCHAP | ||
| 090 | _aTesis | ||
| 100 | 0 | 0 |
_aMeraz Alvarado, Ma. del Refugio. _974868 |
| 245 |
_aEvaluación de diez genotipos ovinos _b: efectos genéticos-ambientales y estimación de algunos parámetros de cruzamiento |
||
| 260 |
_aChapingo, Méx. : _bEl autor, _c1997 |
||
| 300 |
_a84 h. _b; gráfs. |
||
| 502 | _aTesis (Ing. Agr. Esp. en Zootecnia) -- UACH. Departamento de Zootecnia | ||
| 590 |
_aALEPH _b10 _c20130110 _lUCH01 _h1344 |
||
| 590 |
_aBATCH-UPD _b10 _c20130110 _lUCH01 _h0622 |
||
| 590 |
_aBATCH-UPD _b10 _c20130410 _lUCH01 _h0304 |
||
| 590 |
_aBATCH-UPD _b10 _c20130914 _lUCH01 _h1513 |
||
| 590 |
_aCONVERSION _b10 _c20130109 _lUCH01 _h1333 |
||
| 650 | 1 | 4 |
_aGanado lanar _xCrecimiento. _945166 |
| 650 | 1 | 4 |
_aGanado lanar _xCruzas. _945168 |
| 650 | 1 | 4 |
_aGanado lanar _xEfecto del medio ambiente. _945172 |
| 650 | 1 | 4 |
_aGanado lanar _xGenética. _945182 |
| 650 | 1 | 4 |
_aHeterosis. _955071 |
| 700 | 0 |
_aMartínez Victoria, Avelina Englandi. _972618 |
|
| 901 | _aBK | ||
| 942 | _cFOLL | ||
| 949 |
_bBC _cTES _d-152363 _eTS1 _h30980 _i67131 _si |
||
| 949 |
_bBC _cTES _d33724000634804 _eTS2 _fc.2 _h30981 _i67131 _si |
||
| 999 |
_c61983 _d61983 |
||